Mecánica de fluidos / (Record no. 217425)
[ view plain ]
| 000 -CABECERA | |
|---|---|
| campo de control de longitud fija | 00771 a2200229 4500 |
| 003 - IDENTIFICADOR DEL NÚMERO DE CONTROL | |
| campo de control | OSt |
| 005 - FECHA Y HORA DE LA ÚLTIMA TRANSACCIÓN | |
| campo de control | 20230411095920.0 |
| 008 - DATOS DE LONGITUD FIJA--INFORMACIÓN GENERAL | |
| campo de control de longitud fija | 220801b2019 mx ade|f |||| 001 0 spa d |
| 020 ## - NÚMERO INTERNACIONAL ESTÁNDAR DEL LIBRO | |
| Número Internacional Estándar del Libro | 9286078608232 |
| 040 ## - FUENTE DE LA CATALOGACIÓN | |
| Centro/agencia transcriptor | CHAP |
| 082 00 - NÚMERO DE LA CLASIFICACIÓN DECIMAL DEWEY | |
| Número de clasificación | 532 |
| Número de documento/Ítem | P35 |
| Número de edición | 22 |
| 100 1# - ENTRADA PRINCIPAL--NOMBRE DE PERSONA | |
| 9 (RLIN) | 186634 |
| Nombre de persona | Peñaranda Osorio, Caudex Vitelio |
| 245 10 - MENCIÓN DE TÍTULO | |
| Título | Mecánica de fluidos / |
| Mención de responsabilidad, etc. | por Caudex Vitelio Peñaranda Osorio. |
| 264 #1 - PRODUCCIÓN, PUBLICACIÓN, DISTRIBUCIÓN, FABRICACIÓN Y COPYRIGHT | |
| Producción, publicación, distribución, fabricación y copyright | México: |
| Nombre del de productor, editor, distribuidor, fabricante | ECOE. |
| Fecha de producción, publicación, distribución, fabricación o copyright | 2019. |
| 300 ## - DESCRIPCIÓN FÍSICA | |
| Extensión | 346 páginas |
| Otras características físicas | ilustraciones, cuadros, gráficas, tablas. |
| 490 1# - MENCIÓN DE SERIE | |
| Mención de serie | Ingeniería y salud en el trabajo. Ingenieria |
| 504 ## - NOTA DE BIBLIOGRAFÍA, ETC. | |
| Nota de bibliografía, etc. | incluye índice y bibliografía |
| 650 #2 - PUNTO DE ACCESO ADICIONAL DE MATERIA--TÉRMINO DE MATERIA | |
| 9 (RLIN) | 73821 |
| Término de materia o nombre geográfico como elemento de entrada | Mecánica de fluídos |
| 650 #2 - PUNTO DE ACCESO ADICIONAL DE MATERIA--TÉRMINO DE MATERIA | |
| 9 (RLIN) | 55219 |
| Término de materia o nombre geográfico como elemento de entrada | Hidráulica |
| 830 #0 - PUNTO DE ACCESO ADICIONAL DE SERIE-TÍTULO UNIFORME | |
| 9 (RLIN) | 163615 |
| Título uniforme | Ingeniería y salud en el trabajo. Ingenieria |
| 942 ## - ELEMENTOS DE PUNTO DE ACCESO ADICIONAL (KOHA) | |
| Fuente del sistema de clasificación o colocación | Dewey Decimal Classification |
| Tipo de ítem Koha | Libro |
| Estado de retiro | Estado de pérdida | Fuente del sistema de clasificación o colocación | Estado dañado | Restricciones de uso | No para préstamo | Localización permanente | Ubicación/localización actual | Ubicación en estantería | Fecha de adquisición | Total de préstamos | Signatura topográfica completa | Código de barras | Fecha visto por última vez | Fecha del último préstamo | Precio válido a partir de | Tipo de ítem Koha | Renovaciones totales | Número de copia |
|---|---|---|---|---|---|---|---|---|---|---|---|---|---|---|---|---|---|---|
| Dewey Decimal Classification | Préstamo 15 días | Biblioteca Central | Biblioteca Central | Planta alta - Colección General | 10/04/2023 | 2 | 532 P35 | 33724002572439 | 21/04/2025 | 28/02/2025 | 10/04/2023 | Libro | ||||||
| Dewey Decimal Classification | Préstamo 15 días | Biblioteca Central | Biblioteca Central | Planta alta - Colección General | 10/04/2023 | 4 | 532 P35 | 33724002572470 | 17/09/2025 | 28/08/2025 | 10/04/2023 | Libro | 2 | c.2 |
